Hamilton songs in alphabetical order - Statistics

General Stats
  • This quiz has been taken 2 times
  • The average score is 20 of 46
Answer Stats
Answer % Correct
Aaron Burr, sir
100%
Alexander Hamilton
50%
A winter's ball
50%
Best of wives and best of women
50%
Blow us all away
50%
Burn
50%
Cabinet battle 1
50%
Cabinet battle 2
50%
Dear Theodosia
50%
Farmer refuted
50%
Guns and ships
50%
Helpless
50%
History has its eyes on you
50%
Hurricane
50%
I know him
50%
Meet me inside
50%
My shot
50%
Non-stop
50%
Right hand man
50%
Satisfied
50%
Say no to this
50%
Schuyler defeated
50%
Stay alive
50%
Take a break
50%
Ten duel commandments
50%
That would be enough
50%
The room where it happens
50%
The Schuyler sisters
50%
The story of tonight
50%
The story of tonight (Reprise)
50%
Wait for it
50%
Washington on your side
50%
We know
50%
What comes next?
50%
What'd I miss?
50%
Who lives, who dies, who tells your story
50%
Yorktown
50%
You'll be back
50%
Your obedient servant
50%
It's quiet uptown
0%
One last time
0%
Stay alive (Reprise)
0%
The Adams Administration
0%
The election of 1800
0%
The Reynolds pamphlet
0%
The world was wide enough
0%
No matching quizzes found
Score Distribution
Percent of People with Each Score
Percentile by Number Answered
Your Score History
You have not taken this quiz